Quizzes
Events
Quiz Creation
Community
Videos
Private Events
Remove Ads
Sign In
Join for FREE
Feedback
Dark Mode
Quiz Categories
Sports
Geography
Music
Movies
Television
Just For Fun
Miscellaneous
History
Literature
Language
Science
Gaming
Entertainment
Religion
Holiday
For Kids
Quiz Lab
Recent
Popular Today
Quiz Kudos Today
Editor Picks
Curator Picks
Quizzes by...
Day
Popularity
Type
Ratings
Length
Year
Community
Subscriptions
Recent Discussions
Orange Saloon
Badges
Playlists
Quests
Create
Leaderboards
Showdown
Live 5
Trivia Bingo
Activity
Puzzle Library
Sporcle Events
Private Events
Virtual Trivia
Globe League
Become a Host
Pub Owners
SporcleCon
Opinionation
Our Games
Videos
Blog
Mobile Apps
Partnerships
Remove Ads and Go Orange
Feedback
Sports
Athletes
MLB
NBA
NHL
NFL
Soccer
Sports Teams
WWE
NCAA
Football
Premier League
Basketball
Baseball
Hockey
Golf
Tennis
Cricket
Rugby
Auto Racing
Olympics
World Cup
Sports
Athletes
MLB
NBA
NHL
NFL
Soccer
Sports Teams
WWE
NCAA
Football
Premier League
Basketball
Baseball
Hockey
Golf
Tennis
Cricket
Rugby
Auto Racing
Olympics
World Cup
Random Quiz
Search Sporcle
×
Quiz Lab
Quiz Lab
Sports
Baseball
Type in answers that appear in a list
Type in answers that appear in a list
Classic
Best Score? Go Orange.
Philadelphia Phillies Annual Doubles Leaders Since 1900 Stats
Can you name the Philadelphia Phillies to lead the team in doubles in each season since 1900?
By
HurtSquad
12m
115 Questions
68 Plays
68 Plays
68 Plays
Comments
Comments
Give Quiz Kudos
Give Quiz Kudos
-
- Ratings
hide this ad
More Info
Replay
Link that replays current quiz
Next Quiz
Link to next quiz in quiz playlist
You Got
0%
They Got
Avg Score
56%
Avg Friend Score
Upgrade to see
Score Distribution
Jump to the score distribution portion of the page
Score
0/115
Timer
12:00
0
Plays Today
Year
Player
% Correct
2003
Jimmy Rollins
98.5%
2005
Chase Utley
98.5%
2006
Jimmy Rollins
98.5%
2007
Chase Utley
98.5%
2008
Chase Utley
98.5%
2009
Jimmy Rollins
98.5%
2012
Jimmy Rollins
98.5%
2013
Jimmy Rollins
98.5%
2014
Chase Utley
97.4%
2000
Bobby Abreu
92.6%
2001
Bobby Abreu
92.6%
2002
Bobby Abreu
92.6%
2004
Bobby Abreu
92.6%
1951
Richie Ashburn
91.2%
1952
Richie Ashburn
91.2%
1955
Richie Ashburn
91.2%
1990
Lenny Dykstra
88.2%
1993
Lenny Dykstra
88.2%
1994
Lenny Dykstra
88.2%
1979
Pete Rose
85.3%
1980
Pete Rose
85.3%
2010
Jayson Werth
83.8%
1986
Von Hayes
82.4%
1989
Von Hayes
82.4%
1929
Chuck Klein
80.9%
1930
Chuck Klein
80.9%
1932
Chuck Klein
80.9%
1933
Chuck Klein
80.9%
1984
Juan Samuel
80.9%
1987
Juan Samuel
80.9%
1988
Juan Samuel
80.9%
1934
Ethan Allen
79.4%
1935
Ethan Allen
79.4%
1964
Dick Allen
79.4%
1965
Dick Allen
79.4%
1967
Dick Allen
79.4%
1978
Garry Maddox
73.5%
1946 (t)
Del Ennis and Johnny Wyrostek
72.1%
1948
Del Ennis
72.1%
Year
Player
% Correct
1949
Del Ennis
72.1%
1950
Del Ennis
72.1%
1961
Johnny Callison
72.1%
1962
Johnny Callison
72.1%
1963 (t)
Johnny Callison and Tony Gonzalez
72.1%
1966
Johnny Callison
72.1%
1969
Johnny Callison
72.1%
1996 (3)
Jim Eisenreich, Mickey Morandini, and Todd Zeile
72.1%
1977
Greg Luzinski
70.6%
1995
Mickey Morandini
70.6%
1997
Mickey Morandini
70.6%
1998
Scott Rolen
70.6%
1920
Cy Williams
67.6%
1921
Cy Williams
67.6%
1924
Cy Williams
67.6%
1981
Gary Matthews
66.2%
1982
Gary Matthews
66.2%
2011
Raul Ibanez
66.2%
1901
Ed Delahanty
64.7%
1917
Gavvy Cravath
58.8%
1918
Gavvy Cravath
58.8%
1970
Deron Johnson
58.8%
1971
Deron Johnson
58.8%
1972
Willie Montanez
58.8%
1974
Willie Montanez
58.8%
1906
Sherry Magee
54.4%
1907
Sherry Magee
54.4%
1908
Sherry Magee
54.4%
1909
Sherry Magee
54.4%
1910
Sherry Magee
54.4%
1911
Sherry Magee
54.4%
1913
Sherry Magee
54.4%
1914
Sherry Magee
54.4%
1953
Granny Hamner
52.9%
1954
Granny Hamner
52.9%
1975
Dave Cash
52.9%
1983 (t)
Joe Lefebvre and Joe Morgan
52.9%
1985
Glenn Wilson
52.9%
1927
Fresco Thompson
50%
Year
Player
% Correct
1968
Tony Taylor
48.5%
1958
Harry Anderson
42.6%
1999
Doug Glanville
42.6%
1992
Mariano Duncan
41.2%
1922
Curt Walker
33.8%
1947
Harry Walker
33.8%
1900
Nap Lajoie
30.9%
1915
Fred Luderus
29.4%
1919
Fred Luderus
29.4%
1956
Stan Lopata
29.4%
1976
Jay Johnstone
29.4%
1991
Dale Murphy
29.4%
1928
Pinky Whitney
22.1%
1940 (t)
Art Mahan and Pinky May
22.1%
1973
Bill Robinson
22.1%
1925
George Harper
20.6%
1937
Hershel Martin
20.6%
1938
Hershel Martin
20.6%
1939
Hershel Martin
20.6%
1926
Heinie Sand
19.1%
1960
Pancho Herrera
19.1%
1944 (t)
Buster Adams and Ron Northey
14.7%
1941
Danny Litwhiler
13.2%
1942
Danny Litwhiler
13.2%
1943
Ron Northey
13.2%
1912
Dode Paskert
11.8%
1957
Ed Bouchee
11.8%
1959
Ed Bouchee
11.8%
1904
John Titus
10.3%
1905
John Titus
10.3%
1931
Dick Bartell
10.3%
1916
Bert Niehoff
4.4%
1936
Lou Chiozza
4.4%
1902
Shad Barry
2.9%
1923 (t)
Walter Holke and Cotton Tierney
2.9%
1903
Bill Keister
1.5%
1945
John Antonelli
1.5%
Quiz Playlist
Details
Report
Send in Message
Add To Playlist
More Info:
*- Led league **- Tied for league lead (t)- Two players tied for team lead, either is accepted. (3)- Three players tied for team lead, any is accepted
Classic:
Type in answers that appear in a list
Last Updated: Feb 16, 2017
Quiz Scoreboard
CHALLENGE
Sign Up to Join the Scoreboard
Show All
Scores
Hide
Comments
May contain spoilers
Recently Published
One Thing in Common: World Cities II
by knightlancer
Geography
7m
Popular People in 1961
by mucciniale
History
6m
1-10 Letter E Words III
by El_Dandy
Language
2m
More to Explore
Quiz From the Vault
Featured Blog Post
Where Did the Easter Bunny Come From?
hide this ad
You Might Also Like...
Tags
Athletes Quiz
Baseball Quiz
MLB Quiz
annual
Doubles Hitters
MLB Player
Most Annual
phila
Philadelphia
Philadelphia Phillies
Philly
Today's Top Quizzes in Sports
Browse Sports
hide this ad
Today's Top Quizzes in Baseball
Browse Baseball
Top Contributed Quizzes in Sports
1
Les meilleurs buteurs des matchs entre le PSG et l’OM
2
Les entraîneurs de l'OM et du PSG au 21e siècle
3
2022 World Cup Stars
4
FIFA Club World Cup Champions
5
Name the Premier League winners with different clubs
6
La finale Lions - Afrique du Sud 2021
7
Criteria MLB: Left Handed Sluggers
8
Players with Multiple 50 Home Run Seasons
9
MLB Players with Two .350 Batting Average Seasons
10
MLB Hall of Famer by Rings
Explore More
Trending Topics
Marvel
Disney
Crossword
Harry Potter
Kpop
Anime
NBA
Pokémon
WWE
Puzzle
Country
Soccer
The Office
NFL
Song
hide this ad
More By:
HurtSquad
Quiz
Plays
Rating
Category
Featured
Created
Philadelphia Eagles Opposing Quarterbacks (2000s)
1,194
4.75
Sports
Dec 13, 2013
Philadelphia Phillies Postseason Home Runs
607
4.71
Sports
Mar 1, 2012
Eagles Opening Day Opposing Quarterbacks Since 1960
588
4.89
Sports
Sep 11, 2013
Philadelphia Eagles Opposing Quarterbacks (2010s)
522
4.67
Sports
Jan 6, 2014
Philadelphia Eagles Playoff Opposing Quarterbacks
499
4.75
Sports
Oct 30, 2013
Go to Creator's Profile
Score Distribution
Quiz Creator Spotlight
HurtSquad
Follow
Send a Message
Quizzes Created
-
Created Quiz Play Count
-
More By This Creator
Popular Quizzes Today
1
Find the US States - No Outlines Minefield
2
The Countries of the World
3
Find the Countries of Europe - No Outlines Minefield
4
Popular People in 1961
5
1-10 Letter E Words III
6
Find the US States
7
One Thing in Common: World Cities II
8
US States
More Sports Quizzes
NBA Top 75 Players of All Time (The Athletic)
Quiz Lab
Trending Quizzes
Risky Map Clicking: Least Populous States A-Z
1-10 Letter F Words
1-10 Letter G Words
One Thing in Common: United Kingdom
Risky Map Clicking: Next State Alphabetically
Recently Updated
Leaping Animals
pecheneg
Reality TV Shows (A-Z)
bhenderson79
Rickey Henderson's Hall of Fame Teammates
pecheneg
Champions League XIs: Arsenal
pecheneg
Quick Pick: Celebrities in WWE's Hall of Fame
aduchscher
A-Z Keypad Blitz II
pecheneg
Multiple Oscar Actors
pecheneg
Mystery Phrase Blitz: Oscar 'Best Actors'
pecheneg
F. Scott Fitzgerald Novels
LTH
Pick 3 Villains
ddd62291
Trending Topics
Kpop
Anime
Disney
Marvel
NBA
Harry Potter
Crossword
Song
Country
NFL
Pokémon
The Office
Puzzle
Soccer
WWE
Your Account Isn't Verified!
In order to create a playlist on Sporcle, you need to verify the email address you used during registration. Go to your
Sporcle Settings
to finish the process.
Report this User
Report this user for behavior that violates our
Community Guidelines
.
Details:
Send Report
Go to the Sporcle.com Mobile Site →
Comments